A Framework for Political Analysis (Record no. 16930)
[ view plain ]
| 000 -LEADER | |
|---|---|
| fixed length control field | 00257nam a22000977a 4500 |
| 008 - FIXED-LENGTH DATA ELEMENTS--GENERAL INFORMATION | |
| fixed length control field | 140207t xxu||||| |||| 00| 0 eng d |
| 100 ## - MAIN ENTRY--PERSONAL NAME | |
| Personal name | David Easton |
| 9 (RLIN) | 671 |
| 245 ## - TITLE STATEMENT | |
| Title | A Framework for Political Analysis |
| 300 ## - PHYSICAL DESCRIPTION | |
| Extent | xvi, 338 p. |
| Other physical details | illus. |
| Dimensions | 24 cm. |
| 942 ## - ADDED ENTRY ELEMENTS (KOHA) | |
| Source of classification or shelving scheme | |
| Koha item type | Book |
| Withdrawn status | Lost status | Source of classification or shelving scheme | Damaged status | Not for loan | Collection code | Permanent Location | Current Location | Date acquired | Total Checkouts | Full call number | Barcode | Date last seen | Price effective from | Koha item type |
|---|---|---|---|---|---|---|---|---|---|---|---|---|---|---|
| Atta-ur-Rahman School of Applied Biosciences (ASAB) | Atta-ur-Rahman School of Applied Biosciences (ASAB) | 02/07/2014 | 320.1 EAS | ASAB399 | 02/07/2014 | 02/07/2014 | Book | |||||||
| Atta-ur-Rahman School of Applied Biosciences (ASAB) | Atta-ur-Rahman School of Applied Biosciences (ASAB) | 02/07/2014 | 320.1 EAS | ASAB398 | 01/19/2016 | 02/07/2014 | Book |
